000 00449nam a2200181Ia 4500
001 23410
005 20260414150935.0
008 260414t2012||||xx |||||||||||||| ||spa||
041 _aESP
082 _a650
_bF71
100 _aFoglia, Gabriel
_eAUT
245 0 _aDiginomics :
_bel impacto de la tecnologĂ­a en los negocios
260 _c2012
300 _a145 páginas :
_c24 cm.
650 _aGEN
654 _aCCO
942 _cLIB
_dJUS
_fJUS
_2ddc
_n
999 _c23410
_d23410